LIBRARY & INFORMATION CENTRE, KCAET, TAVANUR

ONLINE PUBLIC ACCESS CATALOGUE (OPAC)

Soviet unionte sampattika charitram / (Record no. 6052)

MARC details
000 -LEADER
fixed length control field 00502cam a2200193ua 4500
041 ## - LANGUAGE CODE
Language code of text/sound track or separate title mal
082 ## - DEWEY DECIMAL CLASSIFICATION NUMBER
Classification number 330.947
Item number GUP/SO
100 ## - MAIN ENTRY--AUTHOR NAME
Personal name Guptaman, M .
245 ## - TITLE STATEMENT
Title Soviet unionte sampattika charitram /
250 ## - EDITION STATEMENT
Edition statement 1 /
260 ## - PUBLICATION, DISTRIBUTION, ETC. (IMPRINT)
Place of publication Thiruvananthapuram :
Name of publisher State Instititute of Languages ,
Year of publication 1974.
300 ## - PHYSICAL DESCRIPTION
Number of Pages 429 ; .
700 1# - ADDED ENTRY--PERSONAL NAME
Personal name Abdul , Rasheed .
942 ## - ADDED ENTRY ELEMENTS (KOHA)
Koha item type Books
Holdings
Withdrawn status Lost status Damaged status Home library Current library Date acquired Full call number Accession Number Koha item type
      KAUAET KAUAET 07/04/2012 330.947 13796 Books
free website counter